Historia de la matemática en España / (Record n. 3730)

Dettagli MARC
000 -LEADER
fixed length control field 01024nam a2200241 i 4500
003 - CONTROL NUMBER IDENTIFIER
control field IT-RoINE
005 - DATE AND TIME OF LATEST TRANSACTION
control field 20201104055826.0
008 - FIXED-LENGTH DATA ELEMENTS--GENERAL INFORMATION
fixed length control field 000401m1929 sp r 1 spa d
040 ## - CATALOGING SOURCE
Original cataloging agency SpMaBN
Language of cataloging spa
Transcribing agency IT-RoINE
Modifying agency IT-RoINE
100 1# - MAIN ENTRY--PERSONAL NAME
Personal name Vera, Francisco,
Dates associated with a name 1888-1967
9 (RLIN) 7733
245 10 - TITLE STATEMENT
Title Historia de la matemática en España /
Statement of responsibility, etc por Francisco Vera.
260 ## - PUBLICATION, DISTRIBUTION, ETC. (IMPRINT)
Place of publication, distribution, etc Madrid :
Name of publisher, distributor, etc Victoriano Suárez,
Date of publication, distribution, etc 1929-
300 ## - PHYSICAL DESCRIPTION
Extent v. ;
Dimensions 16 cm.
336 ## - CONTENT TYPE
Source rdacontent
Content type term text
337 ## - MEDIA TYPE
Source rdamedia
Media type term unmediated
338 ## - CARRIER TYPE
Source rdacarrier
Carrier type term volume
490 1# - SERIES STATEMENT
Series statement Biblioteca española de la divulgación científica ;
Volume number/sequential designation 8, 10-12
500 ## - GENERAL NOTE
General note Incluye índice.
505 1# - FORMATTED CONTENTS NOTE
Formatted contents note 1. Tiempos primitivos (hasta el siglo XIII) -- 2. Los precursores del Renacimiento (siglos XIII, XIV y XV) -- 3. Árabes y judios. Primera parte (siglos VIII-XI) -- 4. Árabes y judios. Segunda parte (siglos XII-XVI).
650 #4 - SUBJECT ADDED ENTRY--TOPICAL TERM
Topical term or geographic name as entry element Matemáticas
Geographic subdivision España
9 (RLIN) 7734
General subdivision Historia
830 #0 - SERIES ADDED ENTRY--UNIFORM TITLE
Uniform title Biblioteca española de la divulgación científica ;
9 (RLIN) 7735
Volume number/sequential designation 8,10-12
942 ## - ADDED ENTRY ELEMENTS (KOHA)
Item type Monografías
Dati di copia
Withdrawn status Lost status Damaged status Not for loan Home library Current library Date acquired Total Checkouts Full call number Barcode Date last seen Price effective from Koha item type Public note
        Iglesia Nacional Española en Roma Iglesia Nacional Española en Roma 16/05/2014   HIS.ESP.0. 46.1 4258 16/05/2014 16/05/2014 Monografías V. 1. Tiempos primitivos (hasta el siglo XIII).
        Iglesia Nacional Española en Roma Iglesia Nacional Española en Roma 16/05/2014   HIS.ESP.0. 46.2 4260 16/05/2014 16/05/2014 Monografías V. 2. Los precursores del Renacimiento (siglos XIII, XIV y XV).
        Iglesia Nacional Española en Roma Iglesia Nacional Española en Roma 16/05/2014   HIS.ESP.0. 46.3 4262 16/05/2014 16/05/2014 Monografías V. 3. Árabes y judios. Primera parte (siglos VIII-XI).
        Iglesia Nacional Española en Roma Iglesia Nacional Española en Roma 16/05/2014   HIS.ESP.0. 46.4 4263 16/05/2014 16/05/2014 Monografías V. 4. Árabes y judios. Segunda parte (siglos XII-XVI).